Responses for Show #5928 - Wednesday, May 26, 2010

Contestants

[<< previous game]

Colleen Kennedy, a college professor of film and literature from Williamsburg, Virginia

Arv Reddy, a marketing entrepreneur from Bloomfield Hills, Michigan

Tom LaPorta, a web designer from Jacksonville, Florida (whose 1-day cash winnings total $16,300)

[next game >>]

Jeopardy! Round responses

HISTORIC PLACES
CORRECT ME IF I'M WRONG
(Alex: Now, all of the clues in this category will be from the press bloopers book from the Newseum in Washington, D.C.)
ECO SUAVE
CHEW MUST REMEMBER THIS
A KISS IS STILL A KISS
AS TIME GOES BY
    $200 20
the Forum

Arv
    $200 1
an earthquake

Colleen
    $200 19
(Tom: What is carbon monoxide?)

carbon dioxide

TomArv
    $200 14
Thanksgiving

Tom
    $200 9
Harry Potter

Tom
    $200 4
4

Tom
    $400 21
Hiroshima

Colleen
    $400 2
(Arv: Who is Boris Yeltsin?)

Vladimir Putin

TomArv
    $400 24
silicon

Tom
    $400 15
grilled cheese

Tom
    $400 10
From Here to Eternity

Tom
    $400 5
(Colleen: What is 20?)

100

Colleen
Triple Stumper
    $600 22
St. Croix

Triple Stumper
    $600 3
opera

Arv
    $600 25
windmills (or turbines)

Colleen
    $600 16
hamburgers

Tom
    $600 11
Scarlett Johansson

Tom
    $600 6
the Seven Years' War

Tom
    $800 23
(Alex: Minute to go now.)

Saratoga Springs

Tom
    $800 27
[The end-of-round signal sounds.]

Gerald Ford & Ronald Reagan

Triple Stumper
    $800 17
Shaw

Colleen
    $800 12
Jake Gyllenhaal

Colleen
    $800 7
3

Colleen
    $1000 26
Hampton Court

Triple Stumper
    $1000 18
(Colleen: What is Mornay?)

Louis de Béchamel

Colleen
Triple Stumper
    $1000 13
V for Vendetta

Tom
    $1000 8
(Colleen: What is 30?)

Two

Colleen
Triple Stumper

Scores at the first commercial break (after clue 15):

Tom Arv Colleen
$4,000 $200 $400

Scores at the end of the Jeopardy! Round:

Tom Arv Colleen
$5,600 $600 $1,200

Double Jeopardy! Round responses

U.S. PRESIDENTS
POE IS ME!
I MARRIED THIS SPORTS STAR
THE HARDY BOYS
-ISMs
WORDS ON THE QWERTY ROW
(Alex: Words that can be made up of those letters.)
    $400 13
Wilson

Arv
    $400 8
weak & weary

Tom
    $400 24
David Beckham

Tom
    $400 19
(Arv: Who is Hardy? [Laughs])
(Alex: Give me a little more than that.)
(Arv: Uh... Bob?)

Oliver Hardy

ArvColleen
    $400 3
collectivism

Tom
    $400 1
quiet

Colleen
    $800 14
(Alex: [*], crossing the Delaware.)

Washington

Arv
    $800 9
(Colleen: What are [*]? ...[*], [*]?)

bells

Colleen
    $800 25
Lamar Odom

Tom
    $800 18
World War I

Tom
    $800 4
colonialism

Colleen
    $800 2
a typewriter

Tom
    $1200 15
McKinley

Arv
    $2,000 10
Annabel Lee

Colleen
    $1200 26
John McEnroe

Colleen
    $1200 20
tattoos

Colleen
    $1200 5
fatalism

Colleen
    $1200 27
require

Triple Stumper
    $5,000 16
(Arv: Who is Buchanan?)
(Alex: No. Barbara Bush was born Barbara Pierce.)
(Arv: Oh.)
(Alex: So the reference is to [*].)

Franklin Pierce

Arv
    $1600 11
[Tom omitted the definite article.]

"the Red Death"

Tom
    $1600 29
Wayne Gretzky

Triple Stumper
    $1600 21
Camp Pendleton

Triple Stumper
    $1600 6
egalitarianism

Colleen
    $1600 23
yore

Tom
    $2000 17
(Colleen: Who is Theodore Roosevelt?)

James K. Polk

Colleen
Triple Stumper
    $2000 12
amontillado

Arv
    $2000 30
(Tom: Who is Mike Tyson?)
...
(Alex: With the Lakers at that time.)

Rick Fox

Tom
Triple Stumper
    $2000 22
(Alex: Back on the plus side with a minute to go.)

Nelson

Arv
    $2000 7
monotheism

Tom
    $2000 28
proprietor

Tom

Scores at the end of the Double Jeopardy! Round:

Tom Arv Colleen
$14,400 $1,600 $8,800

[wagering suggestions for these scores]

Final Jeopardy! Round responses

PEDIATRICS
ArvWhat is Autism?
$0
ColleenWhat is autism?
$7,000
TomWhat is Autism?
$3,201
autism

Final scores:

Tom Arv Colleen
$17,601 $1,600 $15,800
2-day champion: $33,901 3rd place: $1,000 2nd place: $2,000

Game dynamics:

Coryat scores:

Tom Arv Colleen
$14,400 $6,600 $8,000
22 R,
2 W
8 R,
3 W
(including 1 DD)
15 R
(including 1 DD),
4 W

Combined Coryat: $29,000

[game clues] [game scores] [suggest correction]

Game tape date: 2010-02-09
The J! Archive is created by fans, for fans. Scraping, republication, monetization, and malicious use prohibited; this site may use cookies and collect identifying information. See terms. The Jeopardy! game show and all elements thereof, including but not limited to copyright and trademark thereto, are the property of Jeopardy Productions, Inc. and are protected under law. This website is not affiliated with, sponsored by, or operated by Jeopardy Productions, Inc. Join the discussion at JBoard.tv.